LEADER 01753nam0 22003491i 450 001 UON00034777 005 20231205102117.816 100 $a20020107d1995 |0itac50 ba 101 $aeng 102 $aJP 105 $a|||| 1|||| 200 1 $aˆThe ‰transition to market economy and the transition of market economy$eSeptember 18-21, 1995$fedited by Iida Tsuneo and Kashioka Tomihide 210 $aKyoto$cInternational Research Center for Japanese Studies$d1995 215 $a247 p.$d24 cm. 410 1$1001UON00384518$12001 $aKokusai shinpojiumu$dInternational symposium$v09 606 $aEconomia$xCongressi$3UONC010100$2FI 606 $aMERCATO ECONOMICO$xSVILUPPO$3UONC011450$2FI 620 $aJP$dKy?to$3UONL000059 686 $aGEN E XVIII$cGENERALIA - CONGRESSI - SCIENZE PURE E APPLICATE$2A 702 1$aIIDA$bTsuneo$3UONV022558 702 1$aKASHIOKA$bTomihide$3UONV022559 712 02$aKokusai Nihon Bunka Kenkyu Senta$cKyoto$3UONV012948 712 $aKokusai Nihon Bunka Kenkyu Senta$3UONV248748$4650 791 02$aInternational Research Center for Japanese Studies $zKokusai Nihon Bunka Kenkyu Senta $3UONV201322 791 02$aInternational Center for Japanese Studies $zKokusai Nihon Bunka Kenkyu Senta $3UONV210400 791 02$aICJS$zKokusai Nihon Bunka Kenkyu Senta $3UONV210401 801 $aIT$bSOL$c20250704$gRICA 899 $aSIBA - SISTEMA BIBLIOTECARIO DI ATENEO$2UONSI 912 $aUON00034777 950 $aSIBA - SISTEMA BIBLIOTECARIO DI ATENEO$dSI GEN E XVIII 003 (9) $eSI SA 87805 7 003 (9) 996 $aTransition to market economy and the transition of market economy$91191775 997 $aUNIOR